| 000 | 00862nam a2200265 a 4500 | ||
|---|---|---|---|
| 999 |
_c1304 _d1304 |
||
| 008 | 191218t2010 ii a|||g |||| 001 0 eng d | ||
| 020 |
_a9788132104483 _cRs. 595.00 |
||
| 040 |
_aKO _beng |
||
| 041 | 0 | _aeng | |
| 044 | _aii | ||
| 082 | 0 | 4 |
_223 _a338.9 _bK1249 |
| 100 | 1 | _aKalirajan, Kaliappa | |
| 245 | 1 | 0 |
_aStrategies for Achieving Sustained High Economic Growth : _bthe case of Indian states / _cKaliappa Kalirajan, Richard T. Shand and Shashanka Bhide |
| 260 |
_aNew Delhi : _bSAGE Publications India Pvt Ltd. , _c2010. |
||
| 300 |
_axviii, 222 p. : _bill. ; _c21 cm |
||
| 504 | _aIncludes Index. | ||
| 650 | 0 |
_aEconomic development _zIndia |
|
| 650 | 0 |
_aIndustrial policy _zIndia |
|
| 650 | 0 |
_aAgriculture and state _zIndia |
|
| 700 |
_aShand, Richard T. _eaut |
||
| 700 |
_aBhide, Shashanka _eaut |
||
| 904 | _aA_BOSE | ||
| 942 | _cBK | ||